Sports Quiz

Random Sports or Soccer Quiz

Ballon D'Or nominated Leagues Quiz Stats

 Plays Quiz not verified by Sporcle

Challenge
Share
Tweet
Embed
Score 0/39 Timer 10:00
0 Plays Today
% Correct
French Ligue 1
97%
Italian Serie A
95.5%
German Top Flight
93.9%
English Top Flight
92.4%
Spanish La Liga
90.9%
Dutch Eredivisie
89.4%
Portuguese Primeira Liga
84.8%
Brazilian Série A
83.3%
Russian Premier League
83.3%
Scottish Top Flight
80.3%
Belgian Pro League
80.3%
Argentine Primera División
77.3%
Danish 1st Division
75.8%
Turkish Süper Lig
72.7%
Czechoslovak First League
72.7%
English Second Flight
68.2%
Ukrainian Premier League
65.2%
Swedish Allsvenskan
62.1%
Austrian Bundesliga
60.6%
American Major League Soccer
59.1%
% Correct
Mexican Liga MX
59.1%
Soviet Top League
57.6%
Superleague Greece
56.1%
East German DDR-Oberliga
54.5%
Italian Serie B
53%
Swiss Super League
53%
Yugoslav First League
53%
Norwegian Tippeligaen
48.5%
Polish Ekstraklasa
47%
Romanian Liga I
47%
Hungarian Nemzeti Bajnokság I
43.9%
German Second Flight
42.4%
Bulgarian A Group
40.9%
Chinese Super League
34.8%
Albanian Superliga
15.2%
Qatar Stars League
13.6%
Belgian Division II
10.6%
Danish 3rd Division
6.1%
Swedish football Division 2
4.5%

You're not logged in!

Compare scores with friends on all Sporcle quizzes.
Join for Free
OR
Log In

You Might Also Like...

Show Comments

Extras

Top Quizzes Today


Score Distribution

Your Account Isn't Verified!

In order to create a playlist on Sporcle, you need to verify the email address you used during registration. Go to your Sporcle Settings to finish the process.

Report this User

Report this user for behavior that violates our Community Guidelines.

Details: